| 000 | 00738nas a2200241 4500 | ||
|---|---|---|---|
| 001 | BR8108645 | ||
| 003 | BR-BrBNA | ||
| 005 | 20231205084941.0 | ||
| 007 | ta | ||
| 008 | 230509b bl.|||p| |||| 00| 00por d | ||
| 040 |
_aBR-BrBNA _bpor _cBiblioteca Nacional de Agricultura |
||
| 041 | _a(Pt) | ||
| 072 | _aL70 | ||
| 100 | 1 | _aEurides, D. | |
| 100 | 1 | _aRaiser, A.G. | |
| 100 | 1 | _aFialho, S.A.G. | |
| 245 | 1 | _aEfeitos do maleato de acepromazina, em doses elevadas, na tranquilizacao de caes | |
| 650 | _aVETERINARIA | ||
| 650 | _aCAO | ||
| 773 | 0 |
_tRevista do Centro de Ciencias Rurais (Brazil) _xISSN 0085-5901 _g(Apr-Sep 1981), v. 11(2-3) p. 105-110 _wBR8108645 |
|
| 909 |
_a202311 _bLúcia _c55 _dLúcia Elande |
||
| 942 |
_2AGRIS _n0 _cANA |
||
| 999 |
_c108323 _d108323 |
||